书目信息 |
| 题名: |
转变经济增长方式
|
|
| 作者: | 王振中 主编 | |
| 分册: | ||
| 出版信息: | 北京 社会科学文献出版社 2007.04 |
|
| 页数: | 426页 | |
| 开本: | 22cm | |
| 丛书名: | 政治经济学研究报告 | |
| 单 册: | ||
| 中图分类: | F120.3 | |
| 科图分类: | ||
| 主题词: | 经济增长--jing ji zeng zhang--经济模式--研究--中国 | |
| 电子资源: | ||
| ISBN: | 978-7-80230-591-5 | |
| 000 | 01107nam 2200265 45 | |
| 005 | 20080923094315.00 | |
| 010 | @a978-7-80230-591-5@dCNY35.00 | |
| 100 | @a20070605d2007 em y0chiy0110 ea | |
| 101 | 0 | @achi |
| 102 | @aCN@b110000 | |
| 105 | @ay a 000yy | |
| 200 | 1 | @a转变经济增长方式@Azhuan bian jing ji zeng zhang fang shi@d= The transform of the economic growth mode@f王振中主编@zeng |
| 210 | @a北京@c社会科学文献出版社@d2007.04 | |
| 215 | @a426页@d22cm | |
| 225 | @a政治经济学研究报告@Azheng zhi jing ji xue yan jiu bao gao | |
| 320 | @a有书目 | |
| 330 | @a本书是政治经济学研究第八部报告。由中国社会科学院经济研究所编,王振中主编。主题是经济增长方式的转变。汇集的是全国高校及研究机构的专家对该问题的有代表性的研究成果。突出特点是深刻的理论和对中国转变经济增长方式的深刻把握。 | |
| 410 | 0 | @12001 @a政治经济学研究报告 |
| 510 | 1 | @aThe transform of the economic growth mode@zeng |
| 606 | 0 | @a经济增长@Ajing ji zeng zhang@x经济模式@x研究@y中国 |
| 690 | @aF120.3@v4 | |
| 701 | 0 | @a王振中@Awang zhen zhong@4主编 |
| 801 | 0 | @aCN@bLR@c20080923 |
| 905 | @aZUCC@dF120.3@eW460 | |
| 999 | @aLYX | |
| 转变经济增长方式= The transform of the economic growth mode/王振中主编.-北京:社会科学文献出版社,2007.04 |
| 426页;22cm.-(政治经济学研究报告) |
| ISBN 978-7-80230-591-5:CNY35.00 |
| 本书是政治经济学研究第八部报告。由中国社会科学院经济研究所编,王振中主编。主题是经济增长方式的转变。汇集的是全国高校及研究机构的专家对该问题的有代表性的研究成果。突出特点是深刻的理论和对中国转变经济增长方式的深刻把握。 |
| ● |
| 相关链接 |
|
|
|
正题名:转变经济增长方式
索取号:F120.3/W460
 
预约/预借
| 序号 | 登录号 | 条形码 | 馆藏地/架位号 | 状态 | 备注 |
| 1 | 840076 | 208400764 | 社科库409/409社科库 68排1列3层/ [索取号:F120.3/W460] | 在馆 | |
| 2 | 840077 | 208400773 | 社科库409/409社科库 68排1列3层/ [索取号:F120.3/W460] | 在馆 | |
| 3 | 840078 | 208400782 | 社科库409/409社科库 68排1列3层/ [索取号:F120.3/W460] | 在馆 |